Guía para cultivar algodonero de temporal en el sur de Tamaulipas /

Obra con especificaciones técnicas para la siembra de semillas de algodón donde se explica: la preparación del terreno, las variedades, la época de siembra, la forma de sembrar, la cantidad se semilla necesaria, las pruebas de germinación, el combate de malas hierbas y plagas, la fertilización y la...

Ausführliche Beschreibung

Gespeichert in:
Bibliographische Detailangaben
1. Verfasser: Salgado Sosa, Ernesto (autor)
Weitere Verfasser: Silguero, José Felipe (autor) (autor)
Format: Buch
Sprache:Spanisch
Schriftenreihe:(Folleto para Productores ; 1)
Schlagworte:
Tags: Tag hinzufügen
Keine Tags, Fügen Sie das erste Tag hinzu!

MARC

LEADER 00000nam^a2200000^a^4500
001 000183548
005 20250521000000.0
009 20260310102044.743
037 |a Acervo ITESO - Biblioteca 
041 |a ESP 
082 |a 633. 51  |b SAL 
100 |a Salgado Sosa, Ernesto  |e (autor) 
245 1 0 |a Guía para cultivar algodonero de temporal en el sur de Tamaulipas /  |c E. Salgado Sosa, J.F. Silguero. 
264 |a Tampico, México :  |b Instituto Nacional de Investigaciones Agrícolas, Centro de Investigaciones Agrícolas del Golfo Norte ;  |a México :  |b Secretaría de Agricultura y Recursos Hidráulicos,  |c 1981 
300 |a 15 p. 
336 |a texto  |b txt  |2 rdacontenido 
337 |a sin mediación  |b n  |2 rdamedio 
338 |a volumen  |b nc  |2 rdasoporte 
440 1 |a (Folleto para Productores ;  |v 1) 
520 |a Obra con especificaciones técnicas para la siembra de semillas de algodón donde se explica: la preparación del terreno, las variedades, la época de siembra, la forma de sembrar, la cantidad se semilla necesaria, las pruebas de germinación, el combate de malas hierbas y plagas, la fertilización y la cosecha. 
649 |a XX 
650 |a Algodón -  |x Cultivo 
650 |a Algodón -  |x Variedades 
650 |a Algodón -  |x Despepitadoras y Despepite 
650 |a Algodón -  |z Tamaulipas 
650 |a Algodón -  |z México 
650 |a Fertilización de Plantas 
650 |a Germinación 
650 |a Plagas Agrícolas 
650 |a Plaguicidas 
650 |a Control de Plagas 
650 |a Plantas -  |x Enfermedades 
650 |a Agricultura 
700 |a Silguero, José Felipe  |e (autor) 
910 |a Fondo General 
920 |a Impresos - Libros 
930 |a Colección General 
905 |a 101 
901 |a 0500123994  |b IT1  |c ACC  |u 20250521 
902 |a https://opac.biblio.iteso.mx/vufind/Record/000183548